000
00343nam a22001577a 4500
003
OSt
008
250501b |||||||| |||| 00| 0 eng d
020
_a
9780008386597
100
_a
SHETTY,Jay
245
_a
Think Like A Monk
250
_a
Rep.
260
_a
London
_b
Thorsons
_c
2020
300
_a
328
650
_a
General
942
_2
ddc
_c
BK
999
_c
13484
_d
13484